Footballers Who Played With Cristiano Ronaldo - Sudden Death - Statistics

General Stats
  • This quiz has been taken 146 times
  • The average score is 3 of 20
Answers on the Grid
Answers color-coded by a green-red scale on the quiz's grid according to % correct below.
Jerzy Dudek
Dean Henderson
Andre Onana
Thibaut Courtois
Alvaro Negredo
David Ospina
Martin Caceres
Ashley Young
Christoph Metzelder
Arturo Vidal
Wesley Sneijder
Robin Van Persie
Marko Pjaca
Federico Valverde
Bebé
Moise Kean
Danny Simpson
Giuseppe Rossi
Antonio Valencia
Ruben Amorim
Mario Rui
Ole Gunnar Solskjær
Nicky Butt
Peter Schmeichel
Chris Smalling
Leonardo Spinazzola
Michael Owen
Theo Hernandez
Vincent Aboubakar
Guti
Dušan Vlahović
Roberto Carlos
Emmanuel Adebayor
Gerard Pique
David Beckham
Vinicius Junior
Diego Forlan
Luiz Gustavo
Ben Foster
Sergio Reguilon
 
Answer Stats
Answer % Correct
Jerzy Dudek
35%
Dean Henderson
32%
Gerard Pique
24%
Ole Gunnar Solskjær
21%
Theo Hernandez
21%
David Ospina
16%
Moise Kean
15%
Ruben Amorim
13%
Leonardo Spinazzola
12%
Danny Simpson
10%
Emmanuel Adebayor
10%
Ben Foster
9%
Guti
7%
Mario Rui
7%
Diego Forlan
4%
Martin Caceres
4%
Christoph Metzelder
3%
Giuseppe Rossi
3%
Nicky Butt
3%
Luiz Gustavo
1%
No matching quizzes found
Score Distribution
Percent of People with Each Score
Percentile by Number Answered
Your Score History
You have not taken this quiz